000 01647nam a2200301 a 4500
003 AM-YeHGA
005 20250618075211.0
008 190828s2019 ai ||||fr|||||00||0|arm||
020 _a9785550018347
040 _aAM-YeHGA
041 0 _aarm
_brus
_beng
100 1 _aԹամրազյան, Արուսյակ
245 1 0 _aԳրիգոր Նարեկացուն վերագրվող «Մեկնութիւն «Ո՞վ է դա»-ի» երկը /
_cԱ․ Թամրազյան ; Խմբագիրներ՝ Ա․ Տերյան, Գ․ Մուրադյան ; «Մատենադարան» Մեսրոպ Մաշտոցի անվան հին ձեռագրերի ինստիտուտ․
260 _aԵրևան ։
_bՆաիրի,
_c2019․
300 _a512 էջ ;
_c21 սմ․
500 _aՆվիրվում է Հրաչյա Թամրազյանին։
504 _aՕգտագործված գրականության ցանկ՝ էջ 499-508։ Տողատակում՝ մատենագիտական ծանոթագրություններ։
525 _aՀավելված՝ էջ 417-498։
600 0 4 _aԳրիգոր Նարեկացի,
_d940-1003
_91557
650 1 4 _aՀայ գրողներ
_vԿենսագրություն
_yՄիջնադար
650 1 4 _aԳրականագիտություն
700 1 _aՄուրադյան, Գոհար
_eխմբագիր
_4edt
_98743
700 1 _aՏերյան, Աբրահամ
_eխմբագիր
_4edt
710 2 _aՄատենադարան Մաշտոցի անվան հին ձեռագրերի ինստիտուտ
_95865
856 4 _uhttps://arar.sci.am/dlibra/publication/292056/edition/268178/content
_yԿարդալ առցանց
942 _2udc
_cBK
090 _c443950
999 _c441172
_d441172